Organizational management through communication (Record no. 25583)

MARC details
000 -LEADER
fixed length control field 00330nam a2200121Ia 4500
082 ## - DEWEY DECIMAL CLASSIFICATION NUMBER
Classification number 658.284
Item number ALL
100 ## - MAIN ENTRY--AUTHOR NAME
Personal name Allen, Richard K
245 #0 - TITLE STATEMENT
Title Organizational management through communication
260 ## - PUBLICATION, DISTRIBUTION, ETC. (IMPRINT)
Place of publication New York
Name of publisher Harper and Row
Year of publication 1977
650 ## - SUBJECT ADDED ENTRY--TOPICAL TERM
Topical Term Communication
942 ## - ADDED ENTRY ELEMENTS (KOHA)
Koha item type Books
Holdings
Withdrawn status Lost status Damaged status Not for loan Home library Current library Date acquired Cost, normal purchase price Full call number Accession Number Koha item type
        RRII Library RRII Library 16/12/2021 10.95 658.284 ALL 06238 Books